[Event "DEN-chT XtraCon 2018-19"]
[Site "Denmark"]
[Date "2019.03.16"]
[Round "8"]
[White "Seegert, Kristian"]
[Black "Ramsdal, Jens Albert"]
[Result "1/2-1/2"]
[WhiteElo "2227"]
[BlackElo "2235"]
[Annotator "NA"]
[PlyCount "101"]
[EventDate "2018.10.27"]
[EventType "team-tourn"]
[EventCountry "DEN"]
[SourceTitle "playchess.com"]
[Source "ChessBase"]
[SourceQuality "1"]
[TimeControl "40/5400+30:1800+30"]

1. e4 {[%emt 0:00:00]} e5 {[%emt 0:00:23]} 2. Nf3 {[%emt 0:00:00]} d6 {[%emt 0:00:10]} 3. d4 {[%emt 0:00:41]} exd4 {[%emt 0:00:05]} 4. Nxd4 {[%emt 0:00:09]} Nf6 {[%emt 0:00:03]} 5. Nc3 {[%emt 0:01:14]} Be7 {[%emt 0:00:07]} 6. Bd3 {[%emt 0:05:51]} O-O {[%emt 0:01:22]} 7. O-O {[%emt 0:00:26]} c5 {[%emt 0:01:32]} 8. Nde2 {[%emt 0:01:52]} Nc6 {[%emt 0:03:17]} 9. Nf4 {[%emt 0:02:29] C41: Philidor Defence} a6 {[%emt 0:06:40]} (9... Re8 10. Nfd5 Nxd5 11. Nxd5 Bf6 12. c3 Rb8 13. a4 a6 14. Qh5 Ne5 15. Bc2 Bg4 16. Nxf6+ Qxf6 {½-½ (27) Ruiz Castillo,J (2391)-Shabalov,A (2528) Las Vegas 2013}) 10. a4 {[%emt 0:00:31]} Ne5 {[%emt 0:04:31]} 11. b3 {[%emt 0:22:41]} Bd7 $146 {[%emt 0:08:51]} ({Predecessor:} 11... Re8 12. Nfd5 Nxd5 13. Nxd5 Bf8 14. f4 Nxd3 15. Qxd3 Bd7 16. Bb2 Bc6 {½-½ (40) Robinson,A-Hanham,J New York 1912}) 12. Bb2 {[%emt 0:04:49]} Bc6 {[%emt 0:08:25]} 13. Re1 {[%emt 0:02:19]} Rb8 {[%emt 0:21:16]} 14. a5 {[%emt 0:09:02]} Ne8 {[%emt 0:00:05]} 15. Nfd5 {[%emt 0:04:36]} Nxd3 {[%emt 0:09:06]} 16. Nxe7+ {[%emt 0:08:24]} Qxe7 {[%emt 0:00:02]} 17. Qxd3 {[%emt 0:00:09]} Qg5 {[%emt 0:05:31]} 18. Re3 {[%emt 0:17:20]} Rd8 {[%emt 0:06:55]} 19. Rd1 {[%emt 0:02:52]} f5 {[%emt 0:05:20]} 20. Qc4+ {[%emt 0:00:40]} Kh8 {[%emt 0:00:39]} 21. Rg3 {[%emt 0:01:44]} Qh5 {[%emt 0:00:10]} 22. Re1 {[%emt 0:03:11]} Nf6 {[%emt 0:05:27]} 23. Nd5 {[%emt 0:03:51]} Bxd5 {[%emt 0:02:47]} 24. exd5 {[%emt 0:00:04]} Rde8 {[%emt 0:00:11]} 25. Rf1 {[%emt 0:05:11]} Re7 {[%emt 0:03:10]} 26. Qf4 {[%emt 0:00:46]} Ne4 {[%emt 0:04:36]} 27. Rh3 {[%emt 0:01:12]} Qg5 {[%emt 0:00:02]} 28. Qxg5 {[%emt 0:00:44]} Nxg5 {[%emt 0:00:01]} 29. Re3 {[%emt 0:00:53]} Rxe3 {[%emt 0:00:09]} 30. fxe3 {[%emt 0:00:03]} Kg8 {[%emt 0:00:22]} 31. Rf4 {[%emt 0:00:52]} g6 {[%emt 0:00:11]} 32. Kf2 {[%emt 0:00:25]} Re8 {[%emt 0:00:26]} 33. Ke2 {[%emt 0:00:34]} Re4 {[%emt 0:01:45]} 34. h4 {[%emt 0:00:49]} Rxf4 {[%emt 0:00:08]} 35. exf4 {[%emt 0:00:09]} Ne4 {[%emt 0:00:11]} 36. Kd3 {[%emt 0:00:32]} Kf7 {[%emt 0:00:16]} 37. b4 {[%emt 0:00:48]} cxb4 {[%emt 0:01:22]} 38. Kc4 {[%emt 0:00:12]} Ng3 {[%emt 0:00:06]} 39. Bc1 {[%emt 0:00:49]} Ne4 {[%emt 0:02:07]} 40. Kxb4 {[%emt 0:00:22]} Ke7 {[%emt 0:00:52]} 41. Be3 {[%emt 0:02:59]} Kd7 {[%emt 0:01:16]} 42. c4 {[%emt 0:01:00]} Nf6 {[%emt 0:05:47]} 43. Bd4 {[%emt 0:02:51]} Nh5 {[%emt 0:00:08]} 44. Be3 {[%emt 0:00:35]} Nf6 {[%emt 0:00:03]} 45. Kc3 {[%emt 0:22:16]} Kc7 {[%emt 0:01:03]} 46. Bb6+ {[%emt 0:00:16]} Kd7 {[%emt 0:02:22]} 47. Kd4 {[%emt 0:00:20]} Nh5 {[%emt 0:00:07]} 48. Ke3 {[%emt 0:00:32]} Nf6 {[%emt 0:00:21]} 49. Kd4 $11 {[%emt 0:00:10]} Nh5 {[%emt 0:05:04]} 50. Ke3 {[%emt 0:00:03]} Nf6 {[%emt 0:03:05]} 51. Kd4 {[%emt 0:04:28]} 1/2-1/2

[Event "DEN-chT XtraCon 2018-19"]
[Site "Denmark"]
[Date "2019.03.16"]
[Round "8"]
[White "Kristensen, Bjarke Hautop"]
[Black "Brynell, Stellan"]
[Result "0-1"]
[WhiteElo "2223"]
[BlackElo "2403"]
[Annotator "ChessBase"]
[PlyCount "60"]
[EventDate "2018.10.27"]
[EventType "team-tourn"]
[EventCountry "DEN"]
[SourceTitle "playchess.com"]
[Source "ChessBase"]
[SourceQuality "1"]
[TimeControl "40/5400+30:1800+30"]

1. Nf3 {[%emt 0:00:00]} Nf6 {[%emt 0:00:00]} 2. c4 {[%emt 0:00:00]} e6 {[%emt 0:00:00]} 3. Nc3 {[%emt 0:00:00]} d5 {[%emt 0:00:31]} 4. e3 {[%emt 0:00:00]} Be7 {[%emt 0:01:03]} 5. b3 {[%emt 0:00:01]} O-O {[%emt 0:00:22]} 6. Bb2 {[%emt 0:00:04]} c5 {[%emt 0:00:17]} 7. cxd5 {[%emt 0:00:11]} exd5 {[%emt 0:00:22]} 8. d4 {[%emt 0:00:04]} Nc6 {[%emt 0:00:27]} 9. Be2 {[%emt 0:00:05]} Ne4 {[%emt 0:01:49]} 10. O-O {[%emt 0:01:10]} Bf6 {[%emt 0:00:36]} 11. Na4 {[%emt 0:02:49]} Bg4 {[%emt 0:03:23]} 12. dxc5 {[%emt 0:00:57]} Bxb2 {[%emt 0:03:08]} 13. Nxb2 {[%emt 0:00:05]} Nc3 {[%emt 0:00:39]} 14. Qc2 {[%emt 0:00:13]} Nxe2+ {[%emt 0:00:11]} 15. Qxe2 {[%emt 0:00:06]} Ne5 {[%emt 0:00:23]} 16. Nd3 {[%emt 0:00:29]} Nxf3+ {[%emt 0:01:50]} 17. gxf3 {[%emt 0:00:07]} Bh3 {[%emt 0:00:05]} 18. f4 {[%emt 0:00:26]} Qf6 {[%emt 0:15:05]} 19. Qh5 {[%emt 0:11:03]} Bxf1 {[%emt 0:00:51]} 20. Rxf1 {[%emt 0:00:05]} Rfe8 {[%emt 0:24:11]} 21. Ne5 {[%emt 0:04:28]} Rad8 {[%emt 0:15:30]} 22. Rd1 {[%emt 0:09:03]} d4 {[%emt 0:01:59]} 23. Ng4 {[%emt 0:01:14]} Qc6 {[%emt 0:00:11]} 24. Ne5 {[%emt 0:00:33]} Qf6 {[%emt 0:00:13]} 25. Ng4 {[%emt 0:00:14]} Qe7 {[%emt 0:01:40]} 26. exd4 {[%emt 0:03:29]} Qe2 {[%emt 0:00:22]} 27. Rf1 {[%emt 0:03:23]} Rxd4 {[%emt 0:00:35]} 28. Qg5 {[%emt 0:00:17]} Re6 {[%emt 0:03:09]} 29. h3 {[%emt 0:10:24]} h6 {[%emt 0:03:38]} 30. Qf5 {[%emt 0:00:40]} Qf3 {[%emt 0:02:45]} 0-1

[Event "DEN-chT XtraCon 2018-19"]
[Site "Denmark"]
[Date "2019.03.16"]
[Round "8"]
[White "Christensen, Thomas"]
[Black "Vesterli, Michael E."]
[Result "0-1"]
[WhiteElo "2207"]
[BlackElo "2204"]
[Annotator "NA"]
[PlyCount "80"]
[EventDate "2018.10.27"]
[EventType "team-tourn"]
[EventCountry "DEN"]
[SourceTitle "playchess.com"]
[Source "ChessBase"]
[SourceQuality "1"]
[TimeControl "40/5400+30:1800+30"]

1. d4 {[%emt 0:00:00]} Nf6 {[%emt 0:00:00]} 2. c4 {[%emt 0:01:17]} g6 {[%emt 0:00:00]} 3. Nc3 {[%emt 0:00:09]} Bg7 {[%emt 0:00:00]} 4. Nf3 {[%emt 0:00:26]} O-O {[%emt 0:00:12]} 5. Bg5 {[%emt 0:01:43]} c5 {[%emt 0:01:47]} 6. d5 {[%emt 0:02:04]} d6 {[%emt 0:01:03]} 7. e4 {[%emt 0:07:48]} e6 {[%emt 0:02:04]} 8. Bd3 {[%emt 0:09:06] LiveBook: 3 Games} exd5 {[%emt 0:00:35]} 9. cxd5 {[%emt 0:00:17]} a6 {[%emt 0:02:37]} 10. a4 {[%emt 0:01:02]} Bg4 {[%emt 0:05:21]} 11. h3 {[%emt 0:05:23]} Bxf3 {[%emt 0:00:21]} 12. Qxf3 {[%emt 0:00:06]} Nbd7 {[%emt 0:00:14]} 13. Qe2 {[%emt 0:08:03]} Qc7 {[%emt 0:04:21]} 14. O-O {[%emt 0:02:26]} Rae8 {[%emt 0:02:55]} 15. Qc2 {[%emt 0:07:30]} c4 {[%emt 0:02:57]} 16. Be2 {[%emt 0:00:04]} Nc5 {[%emt 0:00:57]} 17. f3 {[%emt 0:06:04]} Nh5 {[%emt 0:04:55]} 18. Bxc4 {[%emt 0:06:33]} Bd4+ {[%emt 0:10:30]} 19. Kh2 {[%emt 0:00:37]} Be5+ {[%emt 0:06:37]} 20. Kg1 {[%emt 0:02:42]} Bd4+ {[%emt 0:00:28]} 21. Kh2 {[%emt 0:00:14]} Be5+ {[%emt 0:00:04]} 22. Kg1 {[%emt 0:00:48]} Ng3 $15 {[%emt 0:00:51]} 23. Rfe1 {[%emt 0:02:11]} f5 {[%emt 0:04:58]} 24. Bd3 {[%emt 0:06:50]} Nxd3 {[%emt 0:08:07]} 25. Qxd3 {[%emt 0:00:10]} Qb6+ {[%emt 0:01:08]} 26. Be3 {[%emt 0:01:00]} Qxb2 {[%emt 0:00:11]} 27. Rac1 {[%emt 0:05:07]} Qb4 $17 {[%emt 0:05:51]} 28. exf5 {[%emt 0:02:42]} Nxf5 {[%emt 0:00:34]} 29. Bf2 {[%emt 0:01:00]} Qf4 {[%emt 0:01:33]} 30. Ne2 {[%emt 0:02:37]} Qh2+ {[%emt 0:00:54]} 31. Kf1 {[%emt 0:00:09]} Qh1+ {[%emt 0:05:27]} 32. Ng1 {[%emt 0:02:43]} Bh2 {[%emt 0:00:56]} 33. Bb6 {[%emt 0:01:55]} Nh4 {[%emt 0:03:53]} 34. Re2 {[%emt 0:04:26]} Bxg1 {[%emt 0:00:17]} 35. Bxg1 {[%emt 0:01:46]} Nxf3 {[%emt 0:00:07]} 36. gxf3 {[%emt 0:00:54]} Rxf3+ {[%emt 0:00:08]} 37. Qxf3 {[%emt 0:00:39]} Qxf3+ {[%emt 0:00:06]} 38. Rf2 {[%emt 0:00:11]} Qxh3+ {[%emt 0:00:25]} 39. Rg2 {[%emt 0:00:15]} Qd3+ {[%emt 0:00:06]} 40. Re2 {[%emt 0:00:40]} Qxe2# {[%emt 0:00:06] Ke1} 0-1

[Event "DEN-chT XtraCon 2018-19"]
[Site "Denmark"]
[Date "2019.03.16"]
[Round "8"]
[White "Nordenbaek, Jan"]
[Black "Grubert, Christian"]
[Result "1-0"]
[WhiteElo "2188"]
[BlackElo "2161"]
[Annotator "NA"]
[PlyCount "91"]
[EventDate "2018.10.27"]
[EventType "team-tourn"]
[EventCountry "DEN"]
[SourceTitle "playchess.com"]
[Source "ChessBase"]
[SourceQuality "1"]
[TimeControl "40/5400+30:1800+30"]

1. e4 {[%emt 0:00:00]} c5 {[%emt 0:00:00]} 2. Nf3 {[%emt 0:00:00]} g6 {[%emt 0:00:00]} 3. c3 {[%emt 0:00:24]} Bg7 {[%emt 0:00:05]} 4. d4 {[%emt 0:00:05]} cxd4 {[%emt 0:00:09]} 5. cxd4 {[%emt 0:00:06]} d5 {[%emt 0:00:19]} 6. e5 {[%emt 0:00:05]} Nc6 {[%emt 0:01:30]} 7. h3 {[%emt 0:05:13]} Nh6 {[%emt 0:03:59]} 8. Nc3 {[%emt 0:04:18]} O-O {[%emt 0:00:25]} 9. Bb5 {[%emt 0:06:13]} f6 {[%emt 0:04:25]} 10. O-O {[%emt 0:04:50]} Nf7 {[%emt 0:03:22] B22: Sicilian: 2 c3} 11. exf6 {[%emt 0:07:09]} Bxf6 {[%emt 0:00:30]} 12. Re1 {[%emt 0:05:40]} e6 {[%emt 0:02:10]} (12... Qd6 13. Be3 a6 14. Bf1 b5 15. Qd2 e6 16. g3 Qd8 17. Rac1 Bd7 18. b3 {1-0 (49) Wang,H (2730)-Nava,R (2392) Makati 2018}) 13. b3 $146 {[%emt 0:06:36]} ({Predecessor:} 13. Bxc6 bxc6 14. Bf4 Nd6 15. Bxd6 Qxd6 16. Rc1 Rb8 17. Na4 Rb4 18. a3 {1-0 (39) Cappon,J (2219)-Bianchi,G (2113) Cappelle-la-Grande 2017}) 13... Qa5 {[%emt 0:08:17]} 14. Bb2 {[%emt 0:11:39]} Nd6 {[%emt 0:02:54]} 15. Bxc6 {[%emt 0:02:24]} bxc6 {[%emt 0:00:03]} 16. Rc1 {[%emt 0:02:32]} Bd7 {[%emt 0:12:24]} 17. Qd2 {[%emt 0:05:26]} Qd8 {[%emt 0:11:12]} 18. Ba3 {[%emt 0:04:48]} Be7 {[%emt 0:03:09]} 19. Qd3 {[%emt 0:03:11]} Nf5 {[%emt 0:04:13]} 20. Bxe7 {[%emt 0:00:40]} Qxe7 {[%emt 0:00:08]} 21. Na4 {[%emt 0:00:20]} Qf6 {[%emt 0:03:35]} 22. Nc5 {[%emt 0:03:58]} Bc8 {[%emt 0:00:42]} 23. Rc2 {[%emt 0:02:56]} Rf7 {[%emt 0:05:19]} 24. Ne5 {[%emt 0:02:07]} Rc7 {[%emt 0:00:11]} 25. Rce2 {[%emt 0:02:56]} Rb8 $18 {[%emt 0:01:54]} 26. a3 {[%emt 0:06:44]} Rb6 {[%emt 0:01:00]} 27. b4 {[%emt 0:01:03]} Re7 {[%emt 0:03:11]} 28. Ng4 {[%emt 0:01:20]} Qg7 {[%emt 0:10:05]} 29. Nxe6 {[%emt 0:02:55]} Bxe6 {[%emt 0:06:11]} 30. Rxe6 {[%emt 0:00:08]} Rxe6 {[%emt 0:00:49]} 31. Rxe6 {[%emt 0:00:06]} Qxd4 {[%emt 0:01:22]} 32. Nh6+ {[%emt 0:03:13]} Kf8 {[%emt 0:00:07]} 33. Qf3 {[%emt 0:00:42]} Rb7 {[%emt 0:05:38]} 34. Nxf5 {[%emt 0:01:31]} gxf5 {[%emt 0:00:25]} 35. Rxc6 {[%emt 0:00:44]} Rf7 {[%emt 0:01:30]} 36. Rc8+ {[%emt 0:01:58]} Kg7 {[%emt 0:01:59]} 37. Qg3+ {[%emt 0:00:46]} Kh6 {[%emt 0:00:54]} 38. Rc6+ {[%emt 0:00:46]} Rf6 {[%emt 0:00:21]} 39. Qe3+ {[%emt 0:01:10]} Qxe3 {[%emt 0:00:11]} 40. Rxf6+ {[%emt 0:00:04]} Kg7 {[%emt 0:00:40]} 41. Rf7+ {[%emt 0:32:53]} Kxf7 {[%emt 0:31:05]} 42. fxe3 {[%emt 0:00:04]} Ke6 {[%emt 0:03:50]} 43. Kf2 {[%emt 0:00:00]} Ke5 {[%emt 0:00:00]} 44. Ke2 {[%emt 0:00:00]} Ke4 {[%emt 0:00:00]} 45. a4 {[%emt 0:00:00]} d4 {[%emt 0:00:00]} 46. b5 {[%emt 0:00:00]} 1-0

[Event "DEN-chT XtraCon 2018-19"]
[Site "Denmark"]
[Date "2019.03.16"]
[Round "8"]
[White "Andersen, Ib Hother"]
[Black "Hoffmann, Tobias"]
[Result "1/2-1/2"]
[WhiteElo "2155"]
[BlackElo "2056"]
[Annotator "ChessBase"]
[PlyCount "149"]
[EventDate "2018.10.27"]
[EventType "team-tourn"]
[EventCountry "DEN"]
[SourceTitle "playchess.com"]
[Source "ChessBase"]
[SourceQuality "1"]
[TimeControl "40/5400+30:1800+30"]

1. Nf3 {[%emt 0:00:01]} Nc6 {[%emt 0:00:00]} 2. d4 {[%emt 0:00:24]} d5 {[%emt 0:00:05]} 3. Bf4 {[%emt 0:02:39]} Bg4 {[%emt 0:01:20]} 4. Nbd2 {[%emt 0:01:19]} e6 {[%emt 0:01:22]} 5. h3 {[%emt 0:00:44]} Bh5 {[%emt 0:00:45]} 6. c3 {[%emt 0:09:18]} Bd6 {[%emt 0:03:04]} 7. Bxd6 {[%emt 0:03:58]} Qxd6 {[%emt 0:00:26]} 8. e3 {[%emt 0:01:24]} f6 {[%emt 0:02:59]} 9. Be2 {[%emt 0:02:09]} Nge7 {[%emt 0:01:00]} 10. Qa4 {[%emt 0:02:36]} O-O {[%emt 0:02:11]} 11. O-O {[%emt 0:05:07]} a6 {[%emt 0:04:42]} 12. Rfe1 {[%emt 0:00:15]} b5 {[%emt 0:03:34]} 13. Qc2 {[%emt 0:01:09]} Na5 {[%emt 0:04:39]} 14. e4 {[%emt 0:18:45]} Qd8 {[%emt 0:29:19]} 15. Bd3 {[%emt 0:00:23]} h6 {[%emt 0:03:39]} 16. a4 {[%emt 0:09:13]} Qd7 {[%emt 0:04:04]} 17. axb5 {[%emt 0:17:27]} axb5 {[%emt 0:00:07]} 18. exd5 {[%emt 0:00:14]} Nxd5 {[%emt 0:00:54]} 19. Nh4 {[%emt 0:01:49]} Bf7 {[%emt 0:01:18]} 20. Bh7+ {[%emt 0:01:11]} Kh8 {[%emt 0:00:10]} 21. Ng6+ {[%emt 0:01:19]} Bxg6 {[%emt 0:00:16]} 22. Bxg6 {[%emt 0:00:04]} f5 {[%emt 0:01:32]} 23. Bh5 {[%emt 0:02:21]} Nc6 {[%emt 0:12:42]} 24. Rxa8 {[%emt 0:01:24]} Rxa8 {[%emt 0:00:03]} 25. Nb3 {[%emt 0:00:48]} Nd8 {[%emt 0:05:27]} 26. Nc5 {[%emt 0:00:19]} Qd6 {[%emt 0:00:12]} 27. Bf3 {[%emt 0:00:59]} c6 {[%emt 0:00:35]} 28. g3 {[%emt 0:00:58]} Ra7 {[%emt 0:02:12]} 29. Qe2 {[%emt 0:04:41]} Re7 {[%emt 0:00:20]} 30. Qe5 {[%emt 0:01:05]} Qxe5 {[%emt 0:01:05]} 31. Rxe5 {[%emt 0:00:04]} g6 {[%emt 0:00:28]} 32. Re1 {[%emt 0:01:17]} Kg7 {[%emt 0:00:34]} 33. Ra1 {[%emt 0:02:06]} Kf6 {[%emt 0:04:21]} 34. Ra8 {[%emt 0:00:24]} Nf7 {[%emt 0:00:26]} 35. Rc8 {[%emt 0:00:43]} Rc7 {[%emt 0:00:28]} 36. Rxc7 {[%emt 0:00:12]} Nxc7 {[%emt 0:00:05]} 37. Bxc6 {[%emt 0:00:08]} e5 {[%emt 0:00:15]} 38. Nd7+ {[%emt 0:00:43]} Ke6 {[%emt 0:00:20]} 39. Nxe5 {[%emt 0:00:45]} Nxe5 {[%emt 0:00:08]} 40. dxe5 {[%emt 0:00:04]} Kxe5 {[%emt 0:00:06]} 41. f4+ {[%emt 0:32:21]} Kd6 {[%emt 0:35:29]} 42. Bf3 {[%emt 0:03:46]} Kc5 {[%emt 0:02:50]} 43. Bd1 {[%emt 0:00:00]} Kc4 {[%emt 0:00:00]} 44. Bc2 {[%emt 0:00:00]} Nd5 {[%emt 0:00:00]} 45. Kf2 {[%emt 0:00:00]} Nf6 {[%emt 0:00:00]} 46. Kf3 {[%emt 0:00:00]} h5 {[%emt 0:00:00]} 47. h4 {[%emt 0:00:00]} Nd5 {[%emt 0:00:00]} 48. Ke2 {[%emt 0:00:00]} Nf6 {[%emt 0:00:00]} 49. Ke3 {[%emt 0:00:00]} Nd5+ {[%emt 0:00:00]} 50. Kd2 {[%emt 0:00:00]} Nf6 {[%emt 0:00:00]} 51. Bd3+ {[%emt 0:00:00]} Kc5 {[%emt 0:00:00]} 52. b4+ {[%emt 0:00:00]} Kc6 {[%emt 0:00:00]} 53. Ke3 {[%emt 0:00:00]} Ng4+ {[%emt 0:00:00]} 54. Kd4 {[%emt 0:00:00]} Nf2 {[%emt 0:00:00]} 55. c4 {[%emt 0:00:00]} bxc4 {[%emt 0:00:00]} 56. Bxc4 {[%emt 0:00:00]} Kb6 {[%emt 0:01:53]} 57. Ke5 {[%emt 0:00:00]} Ne4 {[%emt 0:00:09]} 58. Bd3 {[%emt 0:00:00]} Nxg3 {[%emt 0:00:33]} 59. Kf6 {[%emt 0:00:00]} Kc6 {[%emt 0:00:11]} 60. Kxg6 {[%emt 0:00:00]} Kd5 {[%emt 0:00:43]} 61. Bxf5 {[%emt 0:00:00]} Kc4 {[%emt 0:00:05]} 62. Kg5 {[%emt 0:00:00]} Kxb4 {[%emt 0:00:11]} 63. Bg6 {[%emt 0:00:00]} Kc5 {[%emt 0:00:05]} 64. Bxh5 {[%emt 0:00:00]} Kd6 {[%emt 0:00:07]} 65. Bf3 {[%emt 0:00:00]} Ke6 {[%emt 0:00:50]} 66. Kg6 {[%emt 0:00:31]} Ke7 {[%emt 0:01:45]} 67. h5 {[%emt 0:00:19]} Kf8 {[%emt 0:00:05]} 68. h6 {[%emt 0:08:11]} Kg8 {[%emt 0:00:09]} 69. Bg4 {[%emt 0:01:07]} Kh8 {[%emt 0:00:34]} 70. Bf3 {[%emt 0:00:58]} Kg8 {[%emt 0:00:09]} 71. Bd5+ {[%emt 0:00:13]} Kh8 {[%emt 0:00:08]} 72. Be6 {[%emt 0:01:08]} Ne2 {[%emt 0:04:14]} 73. f5 {[%emt 0:00:07]} Nd4 {[%emt 0:00:06]} 74. Kf7 {[%emt 0:04:11]} Nxf5 {[%emt 0:00:10]} 75. Bxf5 1/2-1/2

[Event "DEN-chT XtraCon 2018-19"]
[Site "Denmark"]
[Date "2019.03.16"]
[Round "8"]
[White "Rasmussen, Henning"]
[Black "Dougherty, Thomas J S"]
[Result "1-0"]
[WhiteElo "2142"]
[BlackElo "2075"]
[Annotator "NA"]
[PlyCount "83"]
[EventDate "2018.10.27"]
[EventType "team-tourn"]
[EventCountry "DEN"]
[SourceTitle "playchess.com"]
[Source "ChessBase"]
[SourceQuality "1"]
[TimeControl "40/5400+30:1800+30"]

1. d4 {[%emt 0:00:00]} g6 {[%emt 0:00:00]} 2. e4 {[%emt 0:00:00]} Bg7 {[%emt 0:00:07]} 3. Nc3 {[%emt 0:00:20]} d6 {[%emt 0:00:23]} 4. Be3 {[%emt 0:00:17]} c6 {[%emt 0:01:36]} 5. Nf3 {[%emt 0:04:29]} Nf6 {[%emt 0:02:02]} 6. h3 {[%emt 0:00:28]} O-O {[%emt 0:00:23]} 7. Bd3 {[%emt 0:05:34]} b5 {[%emt 0:10:05]} 8. O-O {[%emt 0:02:05] LiveBook: 22 Games} Bb7 {[%emt 0:08:06]} 9. a3 {[%emt 0:09:39]} a5 {[%emt 0:09:03]} 10. e5 {[%emt 0:02:46]} dxe5 {[%emt 0:02:00]} 11. Nxe5 {[%emt 0:07:52]} Nbd7 {[%emt 0:12:41]} 12. f4 {[%emt 0:03:41]} Nb6 {[%emt 0:09:25]} 13. Qf3 $11 {[%emt 0:09:43]} Qc7 {[%emt 0:06:04]} 14. Ne4 {[%emt 0:11:02]} Nxe4 {[%emt 0:04:36]} 15. Bxe4 {[%emt 0:01:08]} Nc4 {[%emt 0:06:07]} 16. Nxc4 {[%emt 0:07:43]} bxc4 {[%emt 0:00:05]} 17. f5 {[%emt 0:02:37]} Qb6 {[%emt 0:03:58]} 18. c3 {[%emt 0:00:28]} Qb5 {[%emt 0:02:17]} 19. a4 {[%emt 0:02:53]} Qa6 {[%emt 0:00:15]} 20. Rae1 {[%emt 0:02:34]} Rae8 {[%emt 0:02:52]} 21. g4 {[%emt 0:00:42]} Ba8 {[%emt 0:00:47]} 22. g5 {[%emt 0:00:47]} Qb7 {[%emt 0:09:22]} 23. Rf2 {[%emt 0:03:46]} f6 {[%emt 0:02:10]} 24. fxg6 {[%emt 0:01:24]} f5 {[%emt 0:00:26]} 25. gxh7+ {[%emt 0:04:44]} Kh8 {[%emt 0:00:07]} 26. Bb1 {[%emt 0:01:53]} Qb3 {[%emt 0:02:50]} 27. Bf4 {[%emt 0:02:26]} c5 {[%emt 0:01:01]} 28. d5 {[%emt 0:00:49]} e5 {[%emt 0:00:46]} 29. Rfe2 {[%emt 0:03:08]} e4 {[%emt 0:00:41]} 30. Qe3 {[%emt 0:00:49]} Bxd5 {[%emt 0:01:59]} 31. Qxc5 {[%emt 0:00:36]} Bf7 {[%emt 0:00:37]} 32. Bd6 {[%emt 0:00:52]} Rc8 {[%emt 0:00:26]} 33. Qxa5 {[%emt 0:01:55]} Rfd8 {[%emt 0:00:53]} 34. Be5 {[%emt 0:02:20]} Rd5 {[%emt 0:00:50]} 35. Bxg7+ {[%emt 0:00:08]} Kxg7 {[%emt 0:00:10]} 36. Qa6 {[%emt 0:00:27]} Rc7 {[%emt 0:00:55]} 37. Qh6+ {[%emt 0:00:30]} Kh8 {[%emt 0:00:16]} 38. Qf6+ {[%emt 0:04:28]} Kxh7 {[%emt 0:00:12]} 39. Rxe4 {[%emt 0:00:35]} fxe4 {[%emt 0:01:28]} 40. Bxe4+ {[%emt 0:00:11]} Kg8 {[%emt 0:00:24]} 41. Bxd5 {[%emt 0:30:08]} Qxa4 {[%emt 0:31:09]} 42. Qd8+ {[%emt 0:00:56]} 1-0

[Event "DEN-chT XtraCon 2018-19"]
[Site "Denmark"]
[Date "2019.03.16"]
[Round "8"]
[White "Pedersen, Lars"]
[Black "Jakobsen, Peter"]
[Result "0-1"]
[WhiteElo "2093"]
[BlackElo "2238"]
[Annotator "NA"]
[PlyCount "74"]
[EventDate "2018.10.27"]
[EventType "team-tourn"]
[EventCountry "DEN"]
[SourceTitle "playchess.com"]
[Source "ChessBase"]
[SourceQuality "1"]
[TimeControl "40/5400+30:1800+30"]

1. Nf3 {[%emt 0:00:00]} Nf6 {[%emt 0:00:00]} 2. c4 {[%emt 0:00:00]} c5 {[%emt 0:00:00]} 3. g3 {[%emt 0:00:05]} b6 {[%emt 0:02:31]} 4. Bg2 {[%emt 0:00:16]} Bb7 {[%emt 0:00:02]} 5. O-O {[%emt 0:00:30]} e6 {[%emt 0:00:05]} 6. Nc3 {[%emt 0:00:37]} Be7 {[%emt 0:00:04]} 7. Re1 {[%emt 0:02:32]} d5 {[%emt 0:00:19]} 8. cxd5 {[%emt 0:00:10]} exd5 {[%emt 0:00:05]} 9. d4 {[%emt 0:00:16]} O-O {[%emt 0:00:13]} 10. b3 {[%emt 0:09:16] LiveBook: 24 Games} Nbd7 {[%emt 0:07:15] E17: Queen's Indian: 4 g3 Bb7 5 Bg2 Be7} 11. Bb2 {[%emt 0:00:45]} Re8 {[%emt 0:04:58]} 12. Rc1 {[%emt 0:05:40]} Rc8 {[%emt 0:06:15]} 13. e3 {[%emt 0:00:41]} Nf8 {[%emt 0:03:21]} 14. Ne5 {[%emt 0:05:37]} Ne6 {[%emt 0:12:15] [#]} 15. a3 $146 {[%emt 0:14:21]} ({Predecessor:} 15. Qd3 Bd6 16. Rcd1 cxd4 17. exd4 a6 {1-0 (37) Tkachiev,V (2642)-Ponomariov,R (2739) Moscow 2009}) 15... a6 {[%emt 0:06:22]} 16. Kh1 {[%emt 0:06:42]} Bf8 {[%emt 0:13:20]} 17. f4 {[%emt 0:05:48]} b5 {[%emt 0:02:08]} 18. dxc5 {[%emt 0:11:40]} Bxc5 {[%emt 0:00:29]} 19. b4 {[%emt 0:00:26]} Bb6 {[%emt 0:02:05]} 20. a4 {[%emt 0:06:27]} Qe7 {[%emt 0:05:00]} 21. axb5 {[%emt 0:04:11]} axb5 {[%emt 0:03:09]} 22. Nxd5 {[%emt 0:01:51]} Bxd5 {[%emt 0:04:40]} 23. Bxd5 {[%emt 0:01:04]} Rxc1 $11 {[%emt 0:10:41]} 24. Bxc1 {[%emt 0:01:08]} Qxb4 {[%emt 0:01:12]} 25. Bf3 {[%emt 0:02:01]} Ne4 {[%emt 0:02:03]} 26. Qe2 {[%emt 0:03:55]} Rc8 {[%emt 0:02:43]} 27. Rf1 {[%emt 0:03:49]} h6 {[%emt 0:02:30]} 28. Qd3 {[%emt 0:01:16]} Rxc1 {[%emt 0:00:43]} 29. Bxe4 {[%emt 0:03:13]} Rxf1+ {[%emt 0:00:09]} 30. Kg2 {[%emt 0:00:13]} Rc1 {[%emt 0:05:35]} 31. Bh7+ {[%emt 0:00:39]} Kf8 {[%emt 0:00:05]} 32. Nd7+ {[%emt 0:00:19]} Ke7 {[%emt 0:00:13]} 33. Nxb6 {[%emt 0:00:17]} Qd6 {[%emt 0:03:37]} 34. Qxb5 {[%emt 0:03:57]} Rc5 {[%emt 0:00:47]} 35. Qb3 {[%emt 0:00:18]} g6 {[%emt 0:00:55]} 36. f5 {[%emt 0:01:18]} Qc6+ {[%emt 0:00:09]} 37. Kh3 {[%emt 0:00:20]} Ng5+ {[%emt 0:00:22]} 0-1